|
|
|
|
| LEADER |
01069nam a22002531 4500 |
| 001 |
730 |
| 003 |
BD-DhAAL |
| 005 |
20150629094026.0 |
| 008 |
150629s1968 xx 000 0 eng |
| 010 |
|
|
|a 67012097
|
| 040 |
|
|
|a DLC
|c FO
|d DLC
|d BD-DhAAL
|
| 050 |
0 |
0 |
|a PN6014
|b .S76
|
| 082 |
|
|
|a 808.87
|
| 100 |
1 |
|
|a Stroud, Theodore Albert,
|e comp.
|9 12595
|
| 245 |
1 |
4 |
|a The literature of comedy;
|b an anthology.
|c Theodore A. Stroud, editor. Edward J. Gordon, general editor.
|
| 260 |
|
|
|a [Boston]
|b Ginn
|c [1968]
|
| 300 |
|
|
|a xiii, 763 p.
|c 21 cm.
|
| 490 |
0 |
|
|a Bulfinch edition
|
| 650 |
|
0 |
|a Literature
|x Collections.
|9 8994
|
| 700 |
1 |
|
|a Gordon, Edward J.,
|e joint comp.
|9 12596
|
| 942 |
|
|
|2 ddc
|c BK
|
| 999 |
|
|
|c 34875
|d 34875
|
| 952 |
|
|
|0 0
|1 0
|2 ddc
|4 0
|6 808_870000000000000_STR
|7 0
|9 54587
|a SCL
|b SCL
|c GEN
|d 2015-06-29
|e Gift: The Asia Foundation
|l 1
|o 808.87 STR
|p 3020000730
|r 2019-07-09
|s 2019-06-26
|t 1
|w 2015-06-29
|y BK
|
| 952 |
|
|
|0 0
|1 0
|2 ddc
|4 0
|6 808_870000000000000_STR
|7 0
|9 54588
|a SCL
|b SCL
|c GEN
|d 2015-06-29
|e Gift: The Asia Foundation
|l 0
|o 808.87 STR
|p 3020000731
|r 2015-06-29
|t 2
|w 2015-06-29
|y BK
|